| 000 | 01758nam a2200229 a 4500 | ||
|---|---|---|---|
| 008 | 120416s0000 ||||||||||||||||| || u | ||
| 020 | _a0582994683 | ||
| 050 | _aTJ 213 Tho | ||
| 100 | _aThompson, Steve | ||
| 245 | 1 | 0 | _aControl systems engineering and design |
| 260 |
_aNew York _bJohn Wiley and Sons _c1989 |
||
| 300 | _ax, 364p. : ill. | ||
| 350 | _a0.00 | ||
| 995 |
_aBINDERY (DAMAGED) _D0.00 _e017877 _FCBU-MAIN LIBRARY (Kitwe) _H1 _I14.50 _jTJ 213 Tho _M1 _UDAMAGED _y017877 _ZMain Library Open Access Collection |
||
| 995 |
_aBINDERY (DAMAGED) _D0.00 _e724243 _FCBU-MAIN LIBRARY (Kitwe) _H2 _I14.50 _jTJ 213 Tho _M2 _UDAMAGED _y017878 _ZMain Library Open Access Collection |
||
| 995 |
_aTEXTBOOKS (ELEC.ENG.) _D0.00 _e03456 _FCBU-SCHOOL TEXTBOOK COLLECTIONS _H1 _I0.00 _jSCHOOL TEXTBOOK _M6 _UAVAILABLE _WJul 16, 2009 _y03456 _ZMain Library Open Access Collection |
||
| 995 |
_aTEXTBOOKS (ELEC.ENG.) _D0.00 _e03454 _FCBU-SCHOOL TEXTBOOK COLLECTIONS _H1 _I0.00 _jSCHOOL TEXTBOOK _M4 _UAVAILABLE _WJul 16, 2009 _y03454 _ZMain Library Open Access Collection |
||
| 995 |
_aTEXTBOOKS (ELEC.ENG.) _D0.00 _e03458 _FCBU-SCHOOL TEXTBOOK COLLECTIONS _H1 _I0.00 _jSCHOOL TEXTBOOK _M8 _UAVAILABLE _WJul 16, 2009 _y03458 _ZMain Library Open Access Collection |
||
| 995 |
_aTEXTBOOKS (ELEC.ENG.) _D0.00 _e03455 _FCBU-SCHOOL TEXTBOOK COLLECTIONS _H1 _I0.00 _jSCHOOL TEXTBOOK _M5 _UAVAILABLE _WJul 16, 2009 _y03455 _ZMain Library Open Access Collection |
||
| 995 |
_aTEXTBOOKS (ELEC.ENG.) _D0.00 _e03453 _FCBU-SCHOOL TEXTBOOK COLLECTIONS _H1 _I0.00 _jSCHOOL TEXTBOOK _M3 _UAVAILABLE _WJul 16, 2009 _y03453 _ZMain Library Open Access Collection |
||
| 995 |
_aTEXTBOOKS (ELEC.ENG.) _D0.00 _e03457 _FCBU-SCHOOL TEXTBOOK COLLECTIONS _H1 _I0.00 _jSCHOOL TEXTBOOK _M7 _UAVAILABLE _WJul 16, 2009 _y03457 _ZMain Library Open Access Collection |
||
| 999 |
_c79848 _d79848 |
||